000 00412cam a2200169ua 4500
020 _c1.40
041 _amal
_h
082 _a894.8124
_bSAN/RA
100 _aSankarakurup, G .
245 _aRakkuyilukal /
_cG.Sankara kurup.
_hTextual Documents
260 _aThrissur :
_bTha Mangalodhayam pvt Ltd ,
_c1956.
300 _a111 ; .
365 _a1.40
504 _a
942 _cBK
999 _c1117
_d1117